000 01069nam a2200325 c 4500
001 185342
003 BLK
005 20240227005325.0
008 180411b bul|||||r ||||||| ||bul||
010 _aKNG00194335000
040 _aBLK
041 _aBUL
_cBUL
080 _aБългарска литература
_b821.163.2
_x-4
_z821.163.2-4
100 _aЖотев, Добри
_gПоет, писател.
_d1921-1997
_qДимитров, Добри Александров
_9251874
139 _aЖотев, Добри
_bЖ 77
245 1 0 _aПак мамеше изгрева
_b[Очерци]
_cДобри Жотев.
257 _aBGR
260 _bНар. младеж
_c1965
300 _a136 с.
_bс ил.
_c18 см
380 _aX
500 _aБиблиогр. каре 1966. - 15 100 тир.
852 _aЦб I 8116
856 4 _qpdf
856 4 _qpdf
942 _cKNG
_n0
944 _aCR
_c24.10.2016
_k
_lCRON CRON
944 _aED
_c24.10.2016
_kВаля_Йорданова
999 _c185342
_d185342
999 _d185342
999 _d185342